| 000 | 00555nam a2200181Ia 4500 | ||
|---|---|---|---|
| 005 | 20250508155524.0 | ||
| 008 | 008 250505s9999 xx 000 0 eng d | ||
| 037 | _aBooks to be hide in OPAC | ||
| 040 |
_aFEDL _beng _cFEDL |
||
| 041 |
_aeng _2eng |
||
| 084 |
_a371.426, BYR _qFEDL |
||
| 100 |
_aByram Harold M _9760005 |
||
| 245 | 0 | _aVocational education and practical arts in the community school | |
| 260 |
_aNew York, USA _bThe Macmillan Company _c1956 |
||
| 300 | _a512p. | ||
| 942 |
_cHB _h371.426, BYR |
||
| 999 |
_c1357400 _d1357400 |
||